000 02569nam a2200253 a 4500
001 000015192
003 OSt
005 20240305090729.0
008 100203s2005 dr abc 000 0 spa d
020 _a999343356X
040 _aDO-SdBNP
_bspa
_cBNPHU
082 _a972.93
_bF825h, 2005
100 1 _aFranco, Franklin J.,
_d1936-
_934417
245 1 0 _aHistoria del pueblo dominicano /
_cFranklin Franco Pichardo.
250 _a6a ed.
260 _aSanto Domingo :
_bSociedad Editorial Dominicana,
_c[2005?].
300 _axxxiv, 659 p. :
_bil., map., retrs. ;
_c26 cm.
490 1 _aEdiciones Taller
_v1264
505 0 _aPrecedentes del encuentro -- Del proyecto de Colón a las capitulaciones de Santa Fe -- El encuentro de dos mundos --La conquista de la isla española -- Se inicia desgracia de Colón -- Gobierno del Virrey Diego Colón -- Gobierno de los padres Jerónimos -- Los problemas religiosos, económicos y políticos de la esclavitud y la encomienda de los aborigenes -- Regresa al gobierno Diego Colón -- Esclavitud y azucar -- Gobierno del Obispo Ramírez de Fuenleal -- Leyes nuevas desatan conflictos. Corsarios inician ataques -- El decaimiento económico y social en el Siglo XVII -- Nueva guerra entre España e Inglaterra desata el corso y la piratería a principios del Siglo XVIII -- La situacin económica, social y política de la colonia francesa -- Los conflictos derivados del Tratado de Basilea -- Consecuencias políticas, sociales y económicas derivadas de la unificación de la isla --Del período de la España Boba -- Período de integración con Haití -- Duarte y las luchas sociales y políticas por la independencia nacional --La situación económica y social: 1844-1850 -- Lucha entre Pedro Santana y Buenaventura Báez. La anexión -- Hacia la guerra de la restauración -- Se inicia la Segunda República -- Los gobiernos liberales del partido azul y la situacin económica y social -- Hacia la consolidación de la hegemonía norteamericana --El regimen dictatorial de Cáceres -- De la monarquía a la intervencin militar norteamericana -- La intervención militar americana -- Gobierno de Horacio Vásquez -- La era de Trujillo -- Trujillo y las empresas azucareras -- Se inicia la crisis de la dictadura -- La invasión del 14 de junio y sus consecuencias -- Gobierno del consejo de Estado -- El gobierno del profesor Juan Bosch --El triunvirato.
651 4 _aRepública Dominicana
_xHistoria
_9170
830 1 _aEdiciones Taller
_n1264
_934418
910 _aValidado. Control de calidad MMOLINA
942 _2ddc
_cLBS1
999 _c14763
_d14763